Statistiques concernant Les 15 plus grands pays insulaires

Cliquez ici pour prendre le quiz!

Statistiques générales

  • Ce quiz a été pris 8,024 fois
  • Le résultat moyen est 12 sur 15

Statistiques - réponses

Superficie Pays % Correct
587 041Madagascar
94%
377 930Japon
93%
270 467Nouvelle-Zélande
93%
1 910 931Indonésie
91%
109 884Cuba
89%
103 000Islande
85%
242 495Royaume-Uni
84%
300 000Philippines
82%
70 273Irlande
80%
65 610Sri Lanka
79%
27 750Haïti
72%
462 840Papouasie-Nouvelle-
Guinée
69%
48 671République dominicaine
67%
36 193Taïwan
65%
28 896Salomon
29%

Distribution des résultats

Percentile par nombre de réponses

% des personnes avec chaque résultat

Votre développement - résultats

Vous n’avez pas pris ce quiz